| 000 | 00870cab a22001935a 4500 | ||
|---|---|---|---|
| 001 | L146083 | ||
| 008 | 081208e20081206xxkao f 000 0 eng d | ||
| 035 | _a(Sirsi) u146083 | ||
| 041 | 0 | _aeng | |
| 110 | 2 |
_aEstates Gazette _9298 |
|
| 245 | 0 | 0 | _aEG green awards |
| 260 | _c2008 | ||
| 490 |
_aEstates Gazette _v(0848) 6 December 2008, 52-55(4) |
||
| 520 | _aArticle presents the results from the inaugural Estates Gazette Green Awards. Awards included: overall green development of the year, green property adviser of the year, green property company of the year and industrial development of the year. The entire awards process was carried out online to help minimise the environmental impact of printing etc. | ||
| 590 | _aKA | ||
| 651 | 4 |
_aEngland and Wales _y1543- |
|
| 690 | _aENVIRONMENTAL AND LAND CONSULTANCY-ENERGY-ENERGY USE-ENERGY EFFICIENCY | ||
| 942 | _n0 | ||
| 999 |
_c81018 _d81018 |
||